| 000 | 00377nam a22001457a 4500 | ||
|---|---|---|---|
| 003 | MACL | ||
| 005 | 20190626162456.0 | ||
| 008 | 190626b xxu||||| |||| 00| 0 eng d | ||
| 040 | _cMACL | ||
| 100 |
_aGuptajit,Pathak _975585 |
||
| 245 | _aThe History of North East India (1228-1947) | ||
| 260 |
_aNew Delhi _bSSDN Pub. _c2015 |
||
| 650 |
_aIndian History _9227 |
||
| 942 |
_2ddc _cBK |
||
| 999 |
_c60291 _d60291 |
||